Statistics for 12 Μήνες σε 45 δευτερόλεπτα

Click here to take the quiz!

General Stats

  • This quiz has been taken 525 times
  • The average score is 10 of 12

Answer Stats

Μήνες% Correct
Ιανουάριος
99%
Φεβρουάριος
92%
Μάρτιος
92%
Απρίλιος
91%
Μάϊος
89%
Ιούνιος
88%
Ιούλιος
85%
Αύγουστος
80%
Σεπτέμβριος
74%
Οκτώβριος
60%
Νοέμβριος
56%
Δεκέμβριος
55%

Score Distribution

Percentile by Number Answered

Percent of People with Each Score

Your Score History

You have not taken this quiz